[Event "GRE-ch U14"]
[Site "Porto Rio"]
[Date "2016.07.04"]
[Round "9"]
[White "Panopoulos, Ioannis"]
[Black "Bardis, Harilaos Panagiotis"]
[Result "1-0"]
[WhiteElo "1979"]
[BlackElo "1430"]
[PlyCount "59"]
[EventDate "2016.06.28"]
[EventType "swiss"]
[EventRounds "9"]
[EventCountry "GRE"]
[SourceTitle "CBM 173 Extra"]
[Source "ChessBase"]
[SourceDate "2016.08.29"]
[SourceVersion "1"]
[SourceVersionDate "2016.08.29"]
[SourceQuality "1"]

1. d4 d5 2. c4 e6 3. Nc3 Nf6 4. cxd5 exd5 5. Bg5 Be7 6. e3 0-0 7. Bd3 c6 8. Nge2 Be6 9. 0-0 h6 10. Bh4 Nbd7 11. Rc1 Rc8 12. Nf4 Ne4 13. Bxe7 Nxc3 14. Bxd8 Nxd1 15. Nxe6 fxe6 16. Be7 Rfe8 17. Ba3 Nxe3 18. fxe3 Nf6 19. Bg6 Red8 20. Be7 Rd7 21. Bxf6 gxf6 22. Rxf6 Kg7 23. Rxe6 Rcd8 24. Rf1 Rf8 25. Rxf8 Kxf8 26. Kf2 Kg7 27. Kf3 Rd8 28. Kf4 Rf8+ 29. Bf5 Rf7 30. Rg6+ 1-0

[Event "GRE-ch U14"]
[Site "Porto Rio"]
[Date "2016.07.03"]
[Round "8"]
[White "Georgakopoulos, Nikolaos K"]
[Black "Panopoulos, Ioannis"]
[Result "1-0"]
[WhiteElo "1847"]
[BlackElo "1979"]
[PlyCount "34"]
[EventDate "2016.06.28"]
[EventType "swiss"]
[EventRounds "9"]
[EventCountry "GRE"]
[SourceTitle "CBM 173 Extra"]
[Source "ChessBase"]
[SourceDate "2016.08.29"]
[SourceVersion "1"]
[SourceVersionDate "2016.08.29"]
[SourceQuality "1"]

1. e4 e5 2. Nf3 Nc6 3. d4 exd4 4. Nxd4 Bc5 5. Nb3 Bb6 6. Nc3 d6 7. Qe2 Nf6 8. Bg5 h6 9. Bh4 Be6 10. 0-0-0 Qe7 11. f3 a5 12. Bf2 Bxf2 13. Qxf2 Ne5 14. Nd4 c6 15. h3 g5 16. g3 Ned7 17. f4 Nc5 1-0

[Event "GRE-ch U14"]
[Site "Porto Rio"]
[Date "2016.07.01"]
[Round "6"]
[White "Sotiropoulos, Anastasios Theohar"]
[Black "Panopoulos, Ioannis"]
[Result "1/2-1/2"]
[WhiteElo "1600"]
[BlackElo "1979"]
[PlyCount "177"]
[EventDate "2016.06.28"]
[EventType "swiss"]
[EventRounds "9"]
[EventCountry "GRE"]
[SourceTitle "CBM 173 Extra"]
[Source "ChessBase"]
[SourceDate "2016.08.29"]
[SourceVersion "1"]
[SourceVersionDate "2016.08.29"]
[SourceQuality "1"]

1. c4 Nf6 2. Nf3 e6 3. g3 d5 4. d4 dxc4 5. Bg2 Be7 6. 0-0 0-0 7. Qc2 a6 8. a4 Nbd7 9. Nbd2 Rb8 10. Nxc4 b6 11. Nfe5 Nxe5 12. Nxe5 Bb7 13. Bxb7 Rxb7 14. Nc6 Qd7 15. Bg5 h6 16. Nxe7+ Qxe7 17. Bxf6 Qxf6 18. Qc6 Rbb8 19. e3 Qe7 20. Rfc1 Qb4 21. Qc3 Qxc3 22. Rxc3 c5 23. dxc5 bxc5 24. Rxc5 Rxb2 25. Ra5 Rb6 26. Rc1 Rd8 27. Rc2 Kf8 28. Kg2 Ke7 29. Kf3 Rd5 30. Rxd5 exd5 31. Rc7+ Ke6 32. Ra7 h5 33. h4 g6 34. Ke2 f6 35. Rg7 Kf5 36. Kf3 Rb4 37. Rd7 Ke6 38. Rg7 Kf5 39. Rd7 Rxa4 40. Rxd5+ Ke6 41. Rd8 Ra2 42. Rg8 Kf7 43. Ra8 a5 44. Ra6 a4 45. Kg2 a3 46. Kf3 Ra1 47. g4 hxg4+ 48. Kxg4 a2 49. Kf3 Kg7 50. Ra8 f5 51. Kg2 Kf6 52. Ra5 Ke6 53. Kf3 Kd6 54. Kg2 Kc6 55. Kf3 Kb6 56. Ra8 Kb5 57. Rb8+ Kc4 58. Rc8+ Kd3 59. Rd8+ Kc2 60. Rc8+ Kd1 61. Rd8+ Ke1 62. Ra8 Kf1 63. Ra7 Ke1 64. Ra8 Kd2 65. Rd8+ Kc3 66. Rc8+ Kb4 67. Rb8+ Kc5 68. Rc8+ Kd6 69. Ra8 Ke5 70. Ra5+ Kf6 71. Ra6+ Kg7 72. Ra7+ Kh6 73. Ra8 g5 74. hxg5+ Kxg5 75. Rg8+ Kf6 76. Ra8 Ke6 77. Ra6+ Kd5 78. Ra8 Kc4 79. Rc8+ Kd3 80. Rd8+ Kc2 81. Rc8+ Kd1 82. Rd8+ Ke1 83. Ra8 Kf1 84. Rh8 Kg1 85. Rg8+ Kh2 86. Rh8+ Kg1 87. Rg8+ Kf1 88. Rh8 Kg1 89. Rg8+ 1/2-1/2

[Event "Athens Smaok op 6h"]
[Site "Athens"]
[Date "2016.04.12"]
[Round "5.4"]
[White "Finokaliotis, Georgios"]
[Black "Panopoulos, Ioannis"]
[Result "1-0"]
[WhiteElo "2051"]
[BlackElo "1918"]
[PlyCount "61"]
[EventDate "2016.03.15"]
[EventType "swiss"]
[EventRounds "7"]
[EventCountry "GRE"]
[SourceTitle "EXT 2024"]
[Source "ChessBase"]
[SourceDate "2023.10.10"]
[SourceVersion "1"]
[SourceVersionDate "2023.10.10"]
[SourceQuality "1"]

1. Nf3 Nf6 2. c4 e6 3. b3 b6 4. g3 Bb7 5. Bg2 Be7 6. Bb2 0-0 7. 0-0 c5 8. Nc3 d6 9. d4 cxd4 10. Qxd4 Nc6 11. Qf4 a6 12. Rfd1 Qc7 13. Rac1 Na5 14. e4 Nd7 15. h4 Ne5 16. Na4 Bf6 17. Nxe5 Bxe5 18. Bxe5 dxe5 19. Qe3 Bc6 20. Qxb6 Qxb6 21. Nxb6 Rad8 22. b4 Nb7 23. c5 a5 24. a3 axb4 25. axb4 f6 26. Bh3 Kf7 27. f3 Ke7 28. Bf1 f5 29. Rxd8 Nxd8 30. b5 Be8 31. c6 1-0

[Event "Peristeri Christmas op"]
[Site "Peristeri"]
[Date "2015.12.29"]
[Round "6.2"]
[White "Panopoulos, Ioannis"]
[Black "Stefanidi, Maria Anna"]
[Result "1/2-1/2"]
[WhiteElo "1885"]
[BlackElo "2010"]
[PlyCount "145"]
[EventDate "2015.12.22"]
[EventType "swiss"]
[EventRounds "7"]
[EventCountry "GRE"]
[SourceTitle "EXT 2024"]
[Source "ChessBase"]
[SourceDate "2023.10.10"]
[SourceVersion "1"]
[SourceVersionDate "2023.10.10"]
[SourceQuality "1"]

1. d4 f5 2. g3 g6 3. Bg2 Nf6 4. Nf3 Bg7 5. 0-0 0-0 6. b3 d6 7. Bb2 e6 8. Nbd2 Nc6 9. c4 h6 10. Rc1 Ne7 11. Ne1 g5 12. Nd3 Ng6 13. e4 f4 14. e5 dxe5 15. Nxe5 Nxe5 16. dxe5 Nd7 17. Re1 a5 18. c5 Qe7 19. c6 bxc6 20. Rxc6 Ra7 21. Nc4 Nb8 22. Ba3 Qe8 23. Rc5 a4 24. bxa4 Bd7 25. Ra5 Rxa5 26. Nxa5 Bxa4 27. Qd4 Rf7 28. Rb1 f3 29. Bh3 Bc2 30. Re1 Bg6 31. Qc4 Bf5 32. Bf1 Rd7 33. g4 Bg6 34. Nb3 Rf7 35. Nd4 Nd7 36. Qxe6 Qxe6 37. Nxe6 Bxe5 38. Bb5 Bd6 39. Bxd6 cxd6 40. Nd8 Rg7 41. Bc4+ Kh8 42. Nc6 Nb6 43. Bb3 Rc7 44. Ne7 Be4 45. Nf5 Bxf5 46. gxf5 Kg7 47. h3 d5 48. Re3 Nc4 49. Rxf3 Kf6 50. Rd3 Rc5 51. Kf1 Kxf5 52. Ke2 Ke5 53. Rc3 Ke4 54. Bc2+ Kd4 55. Rd3+ Ke5 56. Bb3 d4 57. Rf3 Nd6 58. Rf8 Rc3 59. f3 h5 60. Rh8 h4 61. Rf8 Nf5 62. Re8+ Kf4 63. Re4+ Kg3 64. Rg4+ Kxh3 65. Rxg5 Re3+ 66. Kf2 Ng3 67. Bc4 Kh2 68. Rg4 Nh1+ 69. Kf1 Rxf3+ 70. Ke2 Rf2+ 71. Ke1 h3 72. Rxd4 Rb2 73. Be6 1/2-1/2

[Event "Peristeri Christmas op"]
[Site "Peristeri"]
[Date "2015.12.28"]
[Round "5.1"]
[White "Sideris, Theodoros"]
[Black "Panopoulos, Ioannis"]
[Result "1-0"]
[WhiteElo "1977"]
[BlackElo "1885"]
[PlyCount "65"]
[EventDate "2015.12.22"]
[EventType "swiss"]
[EventRounds "7"]
[EventCountry "GRE"]
[SourceTitle "EXT 2024"]
[Source "ChessBase"]
[SourceDate "2023.10.10"]
[SourceVersion "1"]
[SourceVersionDate "2023.10.10"]
[SourceQuality "1"]

1. e4 c5 2. c3 Nf6 3. e5 Nd5 4. Nf3 Nc6 5. d4 cxd4 6. cxd4 d6 7. Bc4 Nb6 8. Bb5 Bg4 9. h3 Bxf3 10. Qxf3 dxe5 11. dxe5 Rc8 12. 0-0 Qd5 13. Qxd5 Nxd5 14. Nc3 Nxc3 15. bxc3 a6 16. Bxc6+ Rxc6 17. Rb1 b5 18. a4 Rc5 19. axb5 axb5 20. c4 bxc4 21. Rb8+ Kd7 22. Rd1+ Ke6 23. Rdd8 Rxe5 24. Be3 Rd5 25. Rxf8 Rxf8 26. Rxf8 Rb5 27. Rc8 Rb4 28. Rc7 Ra4 29. Bc5 Kd5 30. Bxe7 Ra1+ 31. Kh2 Re1 32. Bg5 f6 33. Be3 1-0

[Event "Peristeri Christmas op"]
[Site "Peristeri"]
[Date "2015.12.26"]
[Round "3.1"]
[White "Panopoulos, Ioannis"]
[Black "Fragkos, Vasileios"]
[Result "1-0"]
[WhiteElo "1885"]
[BlackElo "2065"]
[PlyCount "137"]
[EventDate "2015.12.22"]
[EventType "swiss"]
[EventRounds "7"]
[EventCountry "GRE"]
[SourceTitle "EXT 2024"]
[Source "ChessBase"]
[SourceDate "2023.10.10"]
[SourceVersion "1"]
[SourceVersionDate "2023.10.10"]
[SourceQuality "1"]

1. d4 c5 2. d5 Nf6 3. c4 e6 4. Nc3 exd5 5. cxd5 d6 6. Nf3 g6 7. g3 Bg7 8. Bg2 0-0 9. 0-0 a6 10. a4 Nbd7 11. Bf4 Qc7 12. e4 Rb8 13. a5 b5 14. axb6 Rxb6 15. Qc2 Nh5 16. Be3 Ne5 17. Nxe5 Bxe5 18. f4 Bd4 19. Nd1 Rb4 20. Ra4 Qb6 21. Bxd4 cxd4 22. Rxb4 Qxb4 23. Nf2 Bd7 24. Nd3 Qb6 25. Bf3 Nf6 26. Qd2 Ng4 27. Bxg4 Bxg4 28. f5 f6 29. fxg6 Qa7 30. gxh7+ Qxh7 31. Nf2 Bf3 32. Qxd4 Qh5 33. Rc1 Kg7 34. Rc7+ Kg6 35. Nd3 Qg4 36. Nf4+ Kh6 37. Qe3 Rg8 38. Kf2 Bh1 39. Ng2+ Qg5 40. Qxg5+ Kxg5 41. Rc1 Bxg2 42. Kxg2 Rb8 43. h4+ Kg4 44. Rc2 Rb3 45. Kf2 a5 46. Rc6 Rxb2+ 47. Ke3 Rb3+ 48. Kd4 Rb4+ 49. Rc4 Rb3 50. Ra4 Rb5 51. Kc4 Rc5+ 52. Kd3 Kxg3 53. h5 Kf4 54. Ra1 Kg5 55. Rf1 Kxh5 56. Rxf6 a4 57. Rxd6 Ra5 58. Rb6 a3 59. Rb1 Kg5 60. Kd4 a2 61. Ra1 Kf4 62. d6 Ra4+ 63. Kd5 Ra5+ 64. Ke6 Kxe4 65. d7 Re5+ 66. Kd6 Rd5+ 67. Kc6 Rd2 68. Kc7 Rc2+ 69. Kd6 1-0

[Event "GRE-ch U12"]
[Site "Greece"]
[Date "2014.07.07"]
[Round "5"]
[White "Panopoulos, Ioannis"]
[Black "Triantos, Konstantinos"]
[Result "0-1"]
[WhiteElo "1607"]
[BlackElo "1540"]
[PlyCount "142"]
[EventDate "2014.07.04"]
[EventType "swiss"]
[EventRounds "9"]
[EventCountry "GRE"]
[SourceTitle "EXT 2017"]
[Source "ChessBase"]
[SourceDate "2016.10.25"]
[SourceVersion "1"]
[SourceVersionDate "2016.10.25"]
[SourceQuality "1"]

1. d4 Nf6 2. c4 e6 3. Nc3 Bb4 4. e3 Bxc3+ 5. bxc3 d6 6. Bd3 Qe7 7. e4 e5 8. f3 0-0 9. Ne2 Re8 10. 0-0 Nbd7 11. Be3 c5 12. d5 Nf8 13. Rb1 Ng6 14. Qd2 h6 15. Ng3 Rb8 16. Rb2 Rf8 17. Rfb1 Ne8 18. Qc2 Nh4 19. f4 exf4 20. Bxf4 Ng6 21. Rf1 Nxf4 22. Rxf4 Qe5 23. Qd2 Nf6 24. Rb1 Re8 25. Rbf1 Bd7 26. Qc2 Rf8 27. Nf5 Bxf5 28. Rxf5 Qe7 29. Qe2 Nd7 30. Re1 Ne5 31. Qd2 Qh4 32. g3 Qe7 33. Kg2 Rbe8 34. Rf2 Qd7 35. Qc2 Re7 36. Rfe2 Rfe8 37. Qd1 Qg4 38. Rb2 Qxd1 39. Rxd1 Nxd3 40. Rxd3 b6 41. a4 Rxe4 42. a5 Re2+ 43. Rxe2 Rxe2+ 44. Kf3 Rxh2 45. axb6 axb6 46. Re3 Kf8 47. Re1 Rc2 48. Rb1 Rxc3+ 49. Kg2 Rxc4 50. Rxb6 Ke7 51. Rb7+ Kf6 52. Rd7 Rd4 53. Rxd6+ Ke7 54. Rc6 Rxd5 55. Rc7+ Ke6 56. Rc6+ Kd7 57. Ra6 Rd2+ 58. Kf1 Rc2 59. Ra7+ Ke6 60. Ra6+ Kf5 61. Ra7 Kg6 62. Rc7 c4 63. Ke1 Rg2 64. Rxc4 Rxg3 65. Kf2 Ra3 66. Rg4+ Kh7 67. Ke2 g5 68. Re4 Kg6 69. Rb4 f5 70. Rb6+ Kh5 71. Kf2 g4 0-1

[Event "GRE-chT 42nd"]
[Site "Porto Rio"]
[Date "2014.06.28"]
[Round "1.10"]
[White "Kasioumis, Vasilios"]
[Black "Panopoulos, Ioannis"]
[Result "0-1"]
[WhiteElo "1470"]
[BlackElo "1621"]
[PlyCount "113"]
[EventDate "2014.06.28"]
[EventType "team-swiss"]
[EventRounds "7"]
[EventCountry "GRE"]
[SourceTitle "CBM 161 Extra"]
[Source "ChessBase"]
[SourceDate "2014.08.29"]
[SourceVersion "1"]
[SourceVersionDate "2014.08.29"]
[SourceQuality "1"]
[WhiteTeam "Aigaleo"]
[BlackTeam "Korydallos"]
[WhiteTeamCountry "GRE"]
[BlackTeamCountry "GRE"]

1. e4 c5 2. Nc3 Nc6 3. Bb5 Nd4 4. Nf3 Nxb5 5. Nxb5 a6 6. Nc3 g6 7. d4 Bg7 8. d5 d6 9. 0-0 b5 10. Qe2 Bg4 11. h3 Bxf3 12. Qxf3 b4 13. Nd1 Nf6 14. Ne3 0-0 15. Nc4 Nd7 16. Bf4 Nb6 17. Nxb6 Qxb6 18. c3 a5 19. Rae1 e5 20. Bg5 f5 21. Qg3 Rae8 22. Qd3 f4 23. c4 h6 24. Bh4 g5 25. Bg3 fxg3 26. Qxg3 Rf4 27. f3 Kh7 28. Kf2 Ref8 29. Ke3 Bf6 30. Kd3 Be7 31. Rh1 h5 32. Rd1 Qb8 33. Rh2 Qc8 34. Rdh1 Bf6 35. Ke2 Rg8 36. Qf2 Kg6 37. Kd3 Qa6 38. Qg3 Rf8 39. h4 g4 40. fxg4 Rxg4 41. Qe3 Bg7 42. Rh3 Bh6 43. Qe1 Rff4 44. Rg3 Qc8 45. Rxg4+ hxg4 46. h5+ Kh7 47. Qh4 Qd7 48. a3 g3 49. Qxg3 Qg4 50. Qxg4 Rxg4 51. Rg1 Rg3+ 52. Kc2 Be3 53. Rf1 Rxg2+ 54. Kb3 Bd4 55. axb4 axb4 56. Rf7+ Kg8 57. Rd7 0-1